|
|
|
|
| LEADER |
01701nam a22004692a 4500 |
| 001 |
000365964 |
| 003 |
CZ BrMZK |
| 005 |
20220125094904.0 |
| 007 |
ta |
| 008 |
031026s1870 au f |||| 0 ger d |
| 040 |
|
|
|a ABA007
|b cze
|d BOA001
|
| 041 |
0 |
|
|a ger
|a lat
|
| 072 |
|
7 |
|a 94(430/439)
|x Dějiny zemí střední Evropy
|2 Konspekt
|9 8
|
| 080 |
|
|
|a 94(436)
|2 MRF
|
| 080 |
|
|
|a 27-789.4-523.6-788-1/-9
|2 MRF
|
| 080 |
|
|
|a 930.2
|2 MRF
|
| 080 |
|
|
|a 002+801.82
|2 MRF
|
| 080 |
|
|
|a (436)
|2 MRF
|
| 080 |
|
|
|a (093)
|2 MRF
|
| 245 |
0 |
0 |
|a Urkundenbuch des Benedictiner-Stiftes Seitenstetten /
|c von P. Isidor Raab
|
| 260 |
|
|
|a Wien :
|b Holzhausen,
|c 1870
|
| 300 |
|
|
|a iv, 421 s.
|
| 490 |
1 |
|
|a Fontes rerum Austriacarum. 2. Abt., Diplomataria et acta ;
|v Bd. 33
|
| 500 |
|
|
|a Obsahuje rejstříky.
|
| 546 |
|
|
|a Část. latinský text
|
| 648 |
|
7 |
|a 12.-14. století
|7 ch757065
|2 czenas
|
| 650 |
0 |
7 |
|a dějiny
|7 ph114390
|2 czenas
|
| 650 |
0 |
7 |
|a benediktinské kláštery
|7 ph118806
|2 czenas
|
| 650 |
0 |
7 |
|a historické dokumenty
|7 ph114668
|2 czenas
|
| 650 |
0 |
7 |
|a písemné prameny
|7 ph115977
|2 czenas
|
| 651 |
|
7 |
|a Rakousko
|7 ge130612
|2 czenas
|
| 653 |
0 |
|
|a Seitenstetten (Rakousko)
|
| 655 |
|
7 |
|a prameny
|7 fd131865
|2 czenas
|
| 700 |
1 |
|
|a Raab, P. Isidor
|4 edt
|4 wfw
|
| 710 |
2 |
|
|a Kaiserl. Akademie der Wissenschaften in Wien
|7 ko2007248531
|
| 830 |
|
0 |
|a Fontes rerum Austriacarum.
|p Diplomataria et acta
|
| 910 |
|
|
|a BOA001
|b 2-0044.384,2/33
|
| 990 |
|
|
|a BK
|
| 993 |
|
|
|a Y
|
| 991 |
|
|
|b 202201
|
| 996 |
6 |
|
|b 2619695795
|c 2-0044.384,2/33
|l MZK
|r Sklad / do 24 hodin
|n 3
|w 000365964
|u 000020
|a 1
|e BOA001
|j MZK50
|s P
|
| 996 |
6 |
|
|b 2619807865
|c 2-0044.384,2/33
|l MZK
|r Sklad / do 24 hodin
|n 6
|w 000365964
|u 000010
|a 1
|e BOA001
|j MZK50
|s P
|